00415nam a22001457a 450000500170000000800410001702000150005804100130007308200120008610000120009824500520011026000500016230000320021265000250024420240816074401.0240816b |||||||| |||| 00| 0 eng d a0406965439 aEnglish  a349 ALL lEnglish aThe All England Law Reports: Annual Review 2003 aLondon: bButterworth and Company Ltd, c2004 bxxxvi, 465 pages; c25 cm.  aLegal practice bLaw